000 00201 a2200097 4500
001 16904
100 _aCartland, B
245 _aJudgement of love
260 _a
_bArrow books
_c
090 _c12686
_d12686
942 _aNUST-CAE
_cM
_c2987
999 _c251977
_d251977